Návrh softvéru na zlepšenie interných procesov malého podniku na podporu objednávok bakalárska práca

Gespeichert in:
Bibliographische Detailangaben
1. Verfasser: Antáleková, Natália
Körperschaft: Fakulta hospodárskej informatiky EU. Katedra aplikovanej informatiky
Weitere Verfasser: Jurík, Pavol, 1987-
Format: Buch
Sprache:Slowakisch
Veröffentlicht: Bratislava 2024
Tags: Tag hinzufügen
Keine Tags, Fügen Sie das erste Tag hinzu!

MARC

LEADER 00000nbm a2200000 4500
001 0302528
005 20250901131405.3
041 0 |a slo 
044 |a SK 
245 1 0 |a Návrh softvéru na zlepšenie interných procesov malého podniku na podporu objednávok  |b bakalárska práca  |c Natália Antáleková ; školiteľ: Pavol Jurík 
264 1 |a Bratislava  |c 2024 
300 |a 74 s. 
100 1 |a Antáleková, Natália 
700 1 |a Jurík, Pavol, 1987- 
710 2 |a Fakulta hospodárskej informatiky EU. Katedra aplikovanej informatiky